Orientaciones para el Diaconado Permanente en Chile
Saved in:
| 企業作者: | |
|---|---|
| 格式: | 圖書 |
| 語言: | 西班牙语 |
| 出版: |
Santiago
Conferencia Episcopal de Chile
1994
|
| 版: | 1a. ed |
| 主題: | |
| 標簽: |
添加標簽
沒有標簽, 成為第一個標記此記錄!
|
MARC
| LEADER | 00000cam a2200000 a 4500 | ||
|---|---|---|---|
| 001 | UCJ9005 | ||
| 003 | CL-VaPUC | ||
| 008 | 070126e19940100CL |||||||||||||||||spa|d | ||
| 082 | 0 | 4 | |a 253 |b CON |2 21 |
| 110 | 2 | |a Conferencia Episcopal de Chile |e author |9 518869 | |
| 245 | 1 | 0 | |a Orientaciones para el Diaconado Permanente en Chile |
| 250 | |a 1a. ed | ||
| 300 | |a 91 p | ||
| 942 | |c BK | ||
| 945 | |d 20070126 00:00:00 |a lvergara | ||
| 260 | |a Santiago |b Conferencia Episcopal de Chile |c 1994 | ||
| 650 | 7 | |a DIACONOS |2 CL-VaPUC |9 257352 | |
| 650 | 0 | |a Teología pastoral |9 257832 | |
| 650 | 7 | |a COMUNIDADES CRISTIANAS |2 CL-VaPUC |9 518870 | |
| 650 | 0 | |a Iglesia Católica |9 256114 | |
| 650 | 7 | |a ORIENTACION PASTORAL |2 CL-VaPUC |9 475694 | |
| 650 | 0 | |a Laicos |9 255625 | |
| 650 | 0 | |a Familias |9 255641 | |
| 583 | |a last modification |c 20181213 01:42:21 |k Rodrigo Vera | ||
| 999 | |c 324648 |d 324646 | ||
| 952 | |0 0 |1 0 |4 0 |6 253_000000000000000_CON_1994 |7 0 |8 A |9 404924 |a BIBTEO |b BIBTEO |d 2019-11-22 |i 4245067 |o 253 CON 1994 |p 4245067 |r 2025-01-17 |w 2019-11-22 |y BK |k ICR | ||
| 952 | |0 0 |1 0 |3 erb |4 0 |6 253_000000000000000_CON_1994 |7 0 |8 A |9 404925 |a BIBTEO |b BIBTEO |i 5522897 |o 253 CON 1994 |p 5522897 |r 2025-01-17 |w 2019-11-22 |y BK |z Catalogado en:20181213 |k ICR | ||